logo

Bir Sreshtho Munshi Abdur Rouf Library
Jhenaidah Cadet College

The encyclopedia of microscopy / (Record no. 9974)

MARC details
000 -LEADER
fixed length control field 00686cam a22002411 4500
001 - CONTROL NUMBER
JCCL Control Number 9974
003 - CONTROL NUMBER IDENTIFIER
JCCL marc code BD-JhCC
005 - DATE AND TIME OF LATEST TRANSACTION
control field 20180404101123.0
008 - FIXED-LENGTH DATA ELEMENTS--GENERAL INFORMATION
fixed length control field 180403s1961 nyua bde 000 0 eng
035 ## - SYSTEM CONTROL NUMBER
system control number (BD-JhCC)9974
040 ## - CATALOGING SOURCE
Original cataloging agency DLC/ICU
Transcribing agency ICU
Modifying agency DLC
-- BD-JhCC
041 ## - LANGUAGE CODE
Language code of Book eng
050 00 - LIBRARY OF CONGRESS CALL NUMBER
Classification number QH211
Item number .C54
082 00 - DEWEY DECIMAL CLASSIFICATION NUMBER
Classification number 578.03
Author mark and Year CLA 1961
100 1# - MAIN ENTRY--PERSONAL NAME
Personal name Clark, George L.
Fuller form of name (George Lindenberg),
Dates associated with a name 1892-1969,
245 14 - TITLE STATEMENT
Title The encyclopedia of microscopy /
Statement of responsibility, etc George L. Clark,
260 ## - PUBLICATION, DISTRIBUTION, ETC. (IMPRINT)
Place of publication, distribution, etc New York :
Name of publisher, distributor, etc Reinhold Pub. Corp,
Date of publication, distribution, etc 1961.
300 ## - PHYSICAL DESCRIPTION
Pagination 693 p.
Other physical details illus.
Dimensions 26 cm.
504 ## - BIBLIOGRAPHY, ETC. NOTE
Bibliography, etc Includes bibliographies.
650 #0 - SUBJECT ADDED ENTRY--TOPICAL TERM
Topical term or geographic name as entry element Microscopy
General subdivision Encyclopedias.
942 ## - ADDED ENTRY ELEMENTS (KOHA)
Source of classification or shelving scheme Dewey Decimal Classification
Koha item type Reference
Holdings
Source of classification or shelving scheme Damaged status Not for loan Home library Current library Shelving location Date of accession Total Checkouts Full call number Barcode Date last seen Copy number Koha item type
Dewey Decimal Classification     JCC Rouf Library JCC Rouf Library General Stacks 04/03/2018   578.03 CLA 1961 13435 04/03/2018 C-1 Reference

JCC Library | Contacts | JCC Home

Last Update on 23 September 2017
Copyright @ 2017-2020 JCC Rouf Library
Rouf Library, Jhenidah Cadet College (JCC), Bangladesh